=LDR 00000nam 2200000 4500 =001 INLIS000000000029562 =005 20130612131803 =008 ***********************************Ind** =035 ##$$a0010-061300000029562 =041 ##$$a Ind =082 ##$$a 415 =090 ##$$a 415, Han p =100 ##$$a hanafi, Nurachman =245 ##$$a Problema bahasa Indonesia sebuah kajian tata bahasa relasional, oleh Prof Drs. Nurachman Hanafi =260 ##$$a 2006 $b Yogyakarta =300 ##$$a xii, 62 hlm, ilus, 21 cm =650 ##$$a Bahasa Indonesia-Tata bahasa =850 ##$$a NBPNMAT =990 ##$$a 0001/BPAP-NTB/20142014